| 000 | 00789nam a2200337Ia 4500 | ||
|---|---|---|---|
| 001 | 9928 | ||
| 008 | 191123s9999 xx 000 0 und d | ||
| 020 | _a9788448253851 | ||
| 041 | _aspa | ||
| 044 | _asp | ||
| 245 | 0 |
_aEduardo Stupia : _bobra reciente. |
|
| 260 |
_aValencia : _bIVAM, _c2010. |
||
| 300 |
_a114 p. _bilustrado |
||
| 500 | _aTextos en valencia. | ||
| 504 | _aIncluye bibliografía. | ||
| 650 | _aCALVO SERRALLER, FRANCISCO | ||
| 650 | _aCISCAR CASABAN, CONSUELO | ||
| 650 | _aDIBUJO | ||
| 650 | _aLEBENGLIK, FABIAN | ||
| 650 | _aSTUPIA, EDUARDO | ||
| 650 | _aTECNICA MIXTA | ||
| 902 | _aM | ||
| 903 | _am | ||
| 904 | _am | ||
| 907 | _aimpreso | ||
| 911 | _ailustrado | ||
| 912 | _a2010 | ||
| 942 | _cLIBRO | ||
| 999 |
_c7606 _d7606 |
||
| 550 | _ailustrado | ||